000 00654nam a22002411 4500
001 2040780
003 ARRUPE
005 20131023130848.0
008 800124s1961 nju b 000 0 eng
010 _a 61007407 /L
035 _a(OCoLC)ocm00253936
040 _aDLC
_cDLC
_dZCU
050 0 _aHM53
_b.B7
100 1 _aBramson, Leon.
_92775
245 1 4 _aThe political context of sociology.
260 _aPrinceton, N.J.,
_bPrinceton University Press,
_c1961.
300 _a164 p.
_c23 cm.
504 _aIncludes bibliography.
650 0 _aSociology.
_92776
650 0 _aPolitical science.
_92777
942 _2lcc
_cMONOGRAPH
999 _c118407
_d118407